Posuňte Váš biznis na novú úroveň s NLP

Nový prístup k mysleniu a k selfmanažmentu. Pojem neuro-lingvistické programovanie (NLP). Osobnosti, ktoré využívali NLP.

Saved in:
Bibliographic Details
Main Author: Vaculčiaková, Jaroslava
Format: Book Chapter
Language:Slovak
Subjects:
Tags: Add Tag
No Tags, Be the first to tag this record!

MARC

LEADER 00000naa a2200000 4500
001 0246569
005 20180730065428.3
041 0 |a slo 
044 |a SK 
245 1 0 |a Posuňte Váš biznis na novú úroveň s NLP  |c Jaroslava Vaculčiaková 
520 |a Nový prístup k mysleniu a k selfmanažmentu. Pojem neuro-lingvistické programovanie (NLP). Osobnosti, ktoré využívali NLP. 
610 2 0 |a inteligencia emocionálna 
610 2 0 |a siete neurónové 
610 2 0 |a manažéri 
610 2 0 |a sebahodnotenie 
610 2 0 |a sebapoznanie 
610 2 0 |a komunikácia manažérska 
100 1 |a Vaculčiaková, Jaroslava